[Event "Top 16 2010"]
[Site "Marseille"]
[Date "2010.05.02"]
[Round "7.4"]
[White "Buscara, Sevan"]
[Black "Delchev, Aleksander"]
[Result "0-1"]
[WhiteElo "2238"]
[BlackElo "2625"]
[PlyCount "134"]
[EventDate "2010.05.03"]
[WhiteTeam "Montpellier"]
[BlackTeam "Marseille"]

1. d4 Nf6 2. Bf4 g6 3. Nf3 Bg7 4. e3 O-O 5. Be2 c5 6. c3 b6 7. O-O Bb7 8. Nbd2
d6 9. h3 Nbd7 10. a4 cxd4 11. cxd4 Nd5 12. Bh2 a5 13. Qb3 Nb4 14. Bc4 Bh6 15.
Rac1 Nf6 16. Rfe1 Rc8 17. Bg3 Bc6 18. Qd1 Qd7 19. b3 Qb7 20. Qe2 Ne4 21. Nxe4
Bxe4 22. Kh2 d5 23. Bb5 Bc2 24. Ne5 Rc3 25. Qg4 Bg7 26. Qd7 Rc7 27. Qxc7 Qxc7
28. Nc6 e5 29. Nxb4 axb4 30. Re2 Qd8 31. Rexc2 exd4 32. Bc7 Qe7 33. exd4 Bxd4
34. Re2 Qg5 35. Rd1 Qf6 36. Bg3 h5 37. Red2 Bc5 38. Rxd5 h4 39. Be5 Qxf2 40.
Rf1 Qe3 41. Bc4 Re8 42. Bf4 Qe4 43. Rd7 Re7 44. Rxe7 Qxe7 45. Bb8 Qe3 46. Bxf7+
Kh7 47. Bc4 g5 48. Bd5 Qd2 49. Be4+ Kg8 50. Kh1 Bf2 51. Bh2 Kg7 52. Bf3 Qc2 53.
Bd5 Kg6 54. Bg1 Bxg1 55. Rxg1 g4 56. hxg4 Kg5 57. Rf1 h3 58. gxh3 Kh4 59. Bc4
Qe4+ 60. Kh2 Qe5+ 61. Kh1 Qe3 62. Bd5 Qd3 63. Bg2 Qxb3 64. Kh2 Qg3+ 65. Kh1 b3
66. Rf5 Qd3 67. Rh5+ Kg3 0-1

[Event "Top 16 2010"]
[Site "Marseille"]
[Date "2010.05.02"]
[Round "7.5"]
[White "Degraeve, Jean-Marc"]
[Black "Kaufeld, Jürgen"]
[Result "1-0"]
[WhiteElo "2563"]
[BlackElo "2241"]
[PlyCount "71"]
[EventDate "2010.05.03"]
[WhiteTeam "Marseille"]
[BlackTeam "Montpellier"]

1. e4 c5 2. Nf3 d6 3. d4 cxd4 4. Nxd4 Nf6 5. Nc3 Nc6 6. Bg5 Bd7 7. Be2 Qa5 8.
Bxf6 gxf6 9. O-O Rg8 10. Re1 Bh3 11. g3 Rc8 12. Nd5 Bh6 13. c3 Nxd4 14. Qxd4
Qc5 15. Qd3 Rg6 16. a4 a6 17. a5 e6 18. Nb6 Rd8 19. b4 Qc7 20. Bf1 Bxf1 21.
Kxf1 Kf8 22. Rad1 Kg8 23. Qf3 Bf8 24. Rd4 Qc6 25. Rc4 Qb5 26. Kg2 Qe5 27. Re2
Re8 28. Rc7 Re7 29. Rc8 Kg7 30. Rd2 f5 31. exf5 exf5 32. Nd5 Ree6 33. Nf4 Qb5
34. Nxe6+ fxe6 35. Rc7+ Kf6 36. Qxb7 1-0

[Event "Top 16 2010"]
[Site "Marseille"]
[Date "2010.05.02"]
[Round "7.8"]
[White "Bannwarth, Frédérique"]
[Black "Delorme, Laurie"]
[Result "0-1"]
[WhiteElo "1849"]
[BlackElo "2226"]
[PlyCount "44"]
[EventDate "2010.05.03"]
[WhiteTeam "Montpellier"]
[BlackTeam "Marseille"]

1. e4 e5 2. Nf3 Nc6 3. Bc4 Nf6 4. d3 Be7 5. c3 d6 6. Bb3 O-O 7. O-O Na5 8. Bc2
c5 9. Nbd2 Nc6 10. Re1 Qc7 11. Nf1 h6 12. Ng3 Be6 13. h3 Rad8 14. Qe2 d5 15.
Bd2 d4 16. Nf5 a6 17. Nh2 Qd7 18. Qf3 dxc3 19. bxc3 Bxf5 20. exf5 e4 21. Qg3
exd3 22. Bd1 Bd6 0-1